[Event "GER-ch U25 op-C"]
[Site "Willingen"]
[Date "2024.05.24"]
[Round "8"]
[White "Braeutigam, Viktoria"]
[Black "Mahr, Mikka"]
[Result "0-1"]
[WhiteElo "863"]
[BlackElo "1016"]
[PlyCount "72"]
[EventDate "2024.05.19"]
[EventType "swiss"]
[EventRounds "9"]
[EventCountry "GER"]
[SourceTitle "EXT 2025"]
[Source "ChessBase"]
[SourceDate "2024.10.14"]
[SourceVersion "1"]
[SourceVersionDate "2024.10.14"]
[SourceQuality "1"]

1. e4 e5 2. Nf3 Nf6 3. Nxe5 Nxe4 4. Bc4 d5 5. Bb3 Qf6 6. Nf3 Bg4 7. Bxd5 Nd6 8. h3 Bh5 9. Nc3 c6 10. Bb3 Nd7 11. d3 h6 12. Be3 Ne5 13. Bd4 Nxf3+ 14. gxf3 Qxd4 15. Qe2+ Be7 16. 0-0-0 Qf6 17. Rde1 Bxf3 18. Qd2 Bxh1 19. Rxh1 Qh4 20. Kb1 0-0 21. f3 a5 22. Qg2 Rfe8 23. a3 b5 24. Rg1 Bf6 25. Ka1 b4 26. Nb1 bxa3 27. Nxa3 Nb5 28. Nxb5 cxb5 29. Qg6 Rf8 30. Qf5 Qd4 31. c3 Qxg1+ 32. Ka2 a4 33. Bd5 Ra5 34. Qd7 Qf2 35. Qc7 a3 36. Qxa5 Qxb2# 0-1

[Event "GER-ch U25 op-C"]
[Site "Willingen"]
[Date "2024.05.23"]
[Round "7"]
[White "Staudt, Merle"]
[Black "Braeutigam, Viktoria"]
[Result "1-0"]
[WhiteElo "1573"]
[BlackElo "863"]
[PlyCount "101"]
[EventDate "2024.05.19"]
[EventType "swiss"]
[EventRounds "9"]
[EventCountry "GER"]
[SourceTitle "EXT 2025"]
[Source "ChessBase"]
[SourceDate "2024.10.14"]
[SourceVersion "1"]
[SourceVersionDate "2024.10.14"]
[SourceQuality "1"]

1. e4 e5 2. d4 exd4 3. Qxd4 Nc6 4. Qd3 Nf6 5. Nc3 Bc5 6. Bf4 Ng4 7. Nh3 d6 8. f3 Nf6 9. Qd2 Be6 10. 0-0-0 Qe7 11. Ng5 Bd7 12. Bc4 Rf8 13. Rhe1 0-0-0 14. Nd5 Qe8 15. Nxf6 gxf6 16. Nxh7 Rh8 17. Nxf6 Qe7 18. Nd5 Qh4 19. Bg3 Qh7 20. Kb1 Kb8 21. Bb5 a6 22. Ba4 Qg7 23. Bxc6 Bxc6 24. Qc3 Qg6 25. Ne7 Qh5 26. Nxc6+ bxc6 27. e5 dxe5 28. Qxc5 Kb7 29. Qxe5 Rc8 30. Qxh5 Rxh5 31. Re7 Rh7 32. Rdd7 Kb6 33. Rxf7 Rxf7 34. Rxf7 a5 35. a4 c5 36. h4 c6 37. Be5 Rg8 38. h5 Rxg2 39. h6 Rg1+ 40. Ka2 Rh1 41. h7 c4 42. h8Q Rxh8 43. Bxh8 Kc5 44. Rd7 Kb4 45. f4 Kxa4 46. f5 Kb4 47. f6 Kc5 48. f7 Kb6 49. f8Q Kb5 50. Rb7+ Ka4 51. Qa3# 1-0

[Event "GER-ch U25 op-C"]
[Site "Willingen"]
[Date "2024.05.21"]
[Round "4"]
[White "Braeutigam, Viktoria"]
[Black "Hempel, Christian"]
[Result "0-1"]
[WhiteElo "863"]
[BlackElo "859"]
[PlyCount "130"]
[EventDate "2024.05.19"]
[EventType "swiss"]
[EventRounds "9"]
[EventCountry "GER"]
[SourceTitle "EXT 2025"]
[Source "ChessBase"]
[SourceDate "2024.10.14"]
[SourceVersion "1"]
[SourceVersionDate "2024.10.14"]
[SourceQuality "1"]

1. e4 e6 2. d4 d5 3. e5 c5 4. c3 Nc6 5. Nf3 f6 6. Bf4 Bd7 7. Be2 Be7 8. Na3 a6 9. 0-0 cxd4 10. cxd4 Bb4 11. Nc2 fxe5 12. dxe5 Nge7 13. a3 Ba5 14. Qd3 0-0 15. Bg3 Nf5 16. Bf4 Nce7 17. b4 Bb6 18. Ncd4 Nxd4 19. Nxd4 Rxf4 20. Nf3 Nf5 21. Qd2 Re4 22. Bd3 Rd4 23. Nxd4 Bxd4 24. Rac1 Bxe5 25. Rce1 Qc7 26. Rc1 Qd6 27. g3 d4 28. Be4 Bc6 29. Bxc6 bxc6 30. Qg5 d3 31. Rcd1 Nd4 32. Rxd3 Ne2+ 33. Kg2 Qxd3 34. Qxe5 Qd5+ 35. Qxd5 exd5 36. Re1 Re8 37. Kf1 Nxg3+ 38. hxg3 Rxe1+ 39. Kxe1 Kf7 40. Kd2 Ke6 41. Kd3 Ke5 42. Ke3 g5 43. f4+ gxf4+ 44. gxf4+ Kf5 45. Kf3 d4 46. Ke2 h5 47. Kd3 h4 48. Ke2 Kxf4 49. Kd3 h3 50. Kxd4 h2 51. Kc5 h1Q 52. Kb6 Qa1 53. Kxc6 Qxa3 54. Kc5 a5 55. Kc4 Qxb4+ 56. Kd5 a4 57. Kc6 a3 58. Kd5 a2 59. Ke6 a1R 60. Kd5 Rd1+ 61. Ke6 Qd6+ 62. Kf7 Rc1 63. Ke8 Ra1 64. Kf7 Ra7+ 65. Ke8 Qb8# 0-1

[Event "GER-ch U25 op-C"]
[Site "Willingen"]
[Date "2024.05.19"]
[Round "1"]
[White "Braeutigam, Viktoria"]
[Black "Hellmann, Alexander"]
[Result "1/2-1/2"]
[WhiteElo "863"]
[BlackElo "1524"]
[PlyCount "146"]
[EventDate "2024.05.19"]
[EventType "swiss"]
[EventRounds "9"]
[EventCountry "GER"]
[SourceTitle "EXT 2025"]
[Source "ChessBase"]
[SourceDate "2024.10.14"]
[SourceVersion "1"]
[SourceVersionDate "2024.10.14"]
[SourceQuality "1"]

1. e4 e5 2. Nf3 Nc6 3. Bc4 Bc5 4. Nc3 d6 5. h3 Nf6 6. 0-0 0-0 7. d3 Be6 8. Bb3 Ne7 9. Be3 Bb6 10. Ng5 Bxb3 11. axb3 Ng6 12. Na4 Nd7 13. Nxb6 Nxb6 14. Qg4 h6 15. Nf3 Nd7 16. Nh2 Nf6 17. Qe2 Qd7 18. Ng4 Nxg4 19. hxg4 Qe6 20. f4 exf4 21. Bxf4 Nxf4 22. Rxf4 Qe5 23. Qf2 Qxb2 24. Rf1 f6 25. Qd2 a5 26. Re1 a4 27. bxa4 Rxa4 28. Rff1 Rfa8 29. Kh2 Ra2 30. Rc1 Qe5+ 31. Kh3 R8a3 32. Rf5 Qxe4 33. Rf3 Qd4 34. Kh4 b5 35. Qd1 Ra1 36. Rxa1 Rxa1 37. Qe2 Rh1+ 38. Kg3 Qe5+ 39. Qxe5 dxe5 40. Re3 Rc1 41. Re2 Kf7 42. Kf3 Ke6 43. Ke4 Ra1 44. Rd2 Ra4+ 45. Kf3 Kd5 46. Ke3 Rxg4 47. c3 b4 48. cxb4 Rxb4 49. Rc2 c5 50. g3 c4 51. dxc4+ Rxc4 52. Rb2 Rc3+ 53. Kf2 Ke4 54. Rb7 Rf3+ 55. Kg2 g6 56. Rb4+ Ke3 57. Rb3+ Ke4 58. Rxf3 f5 59. Kf2 f4 60. Ke2 fxg3 61. Rxg3 Kf5 62. Kf3 h5 63. Rh3 Kg5 64. Ke4 Kf6 65. Rb3 h4 66. Rf3+ Kg5 67. Rf1 Kh5 68. Rg1 g5 69. Kf5 h3 70. Rxg5+ Kh4 71. Rg4+ Kh5 72. Rg1 Kh4 73. Rh1 Kg3 1/2-1/2